| 000 | 00475cam a2200169ua 4500 | ||
|---|---|---|---|
| 020 | _c65.00 | ||
| 041 |
_aeng _h |
||
| 082 |
_a634.44 _bGAJ/MA |
||
| 100 | _aGajendra , Singh . | ||
| 245 |
_aMango shoot gall,its casual organisam and control measures / _cGajendra Singh. _hTextual Documents |
||
| 260 |
_aNew Delhi : _bIndian Council for Agricultural Research , _c2003. |
||
| 300 | _a94 ; . | ||
| 365 | _a65.00 | ||
| 504 | _a | ||
| 942 | _cBK | ||
| 999 |
_c12053 _d12053 |
||